000 01620cam a2200457 4500
003 PE-LiUPU
005 20250731172930.0
020 _a0943872669
035 _a(Sirsi) i9780943872667
035 _a(Sirsi) 21026
035 _a(Sirsi) 21026
041 _aen
044 _aus
082 0 4 _a286.73209
_bD97
100 1 _aDudley, Roger L.
245 _aCitizens of two world :
_breligion and politics among American Seventh-day Adventists /
_cRoger L. Dudley, Edwin I. Hernandez.
264 1 _aBerrien Springs, Michigan :
_bAndrews University Press,
_c1992
300 _a318 páginas ;
_c23 cm.
505 0 _aA puzzling relationship -- Made in America -- The Jewel of consistency -- Adventism and politics in historical perspective -- The adventist connection -- The religionof American adventists
526 _aSEG42
526 _aSEG41
526 _aSEG40
526 _aSEG39
526 _aP94
526 _aP87
526 _aP86
526 _aP85
526 _aP77
526 _aP76
526 _aP35
650 1 4 _aCristianismo y política
_xAdventistas del Séptimo Día
650 1 4 _aAdventistas del Séptimo Día
_xDoctrinas
700 1 _aHernández, Edwin I.
_ecoaut.
942 _2ddc
_cBOOK
949 _a286.73209 D97
_i43923
_lPOSTGRADO
_mBUL
_tLIBRO
_o.STAFF. Posgrado
859 _q43923
_h286.73209
_iD97
910 _aaj-hd
596 _a1
999 _a286.73209 D97
_wDEWEY
_c20744
_i43923
_f2021-11-11
_g6
_lCCODEBUL1
_mBUL
_r0
_sY
_tBOOK
_u2015-6-24
_xTEOLOGIA
_PP35
_0COMPRA
_o.STAFF. Colección General
_d20744
980 _81
_gALBERTO SANCHEZ Responsable de Automatización